Documentos sobre El Cerrejón / (Registro nro. 12418)

Detalles MARC
000 -LEADER
fixed length control field 02610nam a2200325 a 4500
001 - CONTROL NUMBER
control field 2409225
003 - CONTROL NUMBER IDENTIFIER
control field OSt
005 - DATE AND TIME OF LATEST TRANSACTION
control field 20210909121458.0
008 - FIXED-LENGTH DATA ELEMENTS--GENERAL INFORMATION
fixed length control field 860203s1985 ck b b 000 0 spa
020 ## - INTERNATIONAL STANDARD BOOK NUMBER
International Standard Book Number 8489209626
040 ## - CATALOGING SOURCE
Original cataloging agency DLC
Transcribing agency CO-JMCR
Modifying agency DLC
041 0# - LANGUAGE CODE
Language code of text/sound track or separate title spa
043 ## - GEOGRAPHIC AREA CODE
Geographic area code s-ck---
082 04 - DEWEY DECIMAL CLASSIFICATION NUMBER
Classification number 338.29861 /
Item number F715d
Edition number 23
100 1# - MAIN ENTRY--PERSONAL NAME
Personal name Forero Báez, Roberto,
Relator term autor
9 (RLIN) 40189
245 10 - TITLE STATEMENT
Title Documentos sobre El Cerrejón /
Statement of responsibility, etc. selección y comentarios de Roberto Forero Báez, Liliana Jaramillo de Lozano, Cecilia Vélez de Sierra.
250 ## - EDITION STATEMENT
Edition statement Primera edición
260 ## - PUBLICATION, DISTRIBUTION, ETC.
Place of publication, distribution, etc. Bogotá :
Name of publisher, distributor, etc. El Ancora,
Date of publication, distribution, etc. 1985.
300 ## - PHYSICAL DESCRIPTION
Extent 149 páginas :
Other physical details ilustraciones y mapas en blanco y negro ;
Dimensions 20 cm.
490 1# - SERIES STATEMENT
Series statement Colección Documentos
504 ## - BIBLIOGRAPHY, ETC. NOTE
Bibliography, etc. note Includes bibliographical references.
505 0# - FORMATTED CONTENTS NOTE
Formatted contents note El Cerrejón: antecedentes y perspectivas. -- El contrato de asociación: una afrenta a la soberanía nacional. -- La declaración de comercialidad. -- La polémica nacional.
520 0# - SUMMARY, ETC.
Summary, etc. Esta edición recoge y examina los documentos esencia les acerca de El Cerrejón, incluida la polémica nacional que se ha venido suscitando en torno al desarrollo del plan minero más costoso de la historia de Colombia. Presenta do inicialmente a la opinión pública como la empresa que redimiría a la nación en un futuro próximo, El Cerrejón se convirtió, al poco tiempo de empezar a operar, en una pesada carga para el país, que lejos de percibir las fabulosas ganancias que se pronosticaron, tiene que desembolsar cada vez más dinero a fin de mantener la asociación con la Exxon. Contrariando múltiples objeciones que en contra del acuerdo con la transnacional estadounidense formula ron técnicos y funcionarios, el gobierno se embarcó en un proyecto millonario que concede la parte del león a la Exxon y las migajas a Colombia.<br/>A Roberto Forero Báez, Liliana Jaramillo de Lozano y Cecilia Vélez de Sierra se debe en buena parte que la opinión haya conocido los pormenores de la negociación entre el Estado y la contraparte extranjera, pues cuando renunciaron en 1980 a los cargos que desempeñaban en Carbocol en protesta por la forma como se entregaban los intereses nacionales aportaron valiosas pruebas que de mostraban las inconveniencias del contrato de El Cerrejón.
610 20 - SUBJECT ADDED ENTRY--CORPORATE NAME
Corporate name or jurisdiction name as entry element CARBOCOL (Corporation)
General subdivision Historia
-- Sucesos
9 (RLIN) 40190
650 14 - SUBJECT ADDED ENTRY--TOPICAL TERM
Topical term or geographic name entry element Comercio de carbón
Geographic subdivision Cerrejón, Colombia
9 (RLIN) 40191
650 24 - SUBJECT ADDED ENTRY--TOPICAL TERM
Topical term or geographic name entry element Asociación carbonera
Geographic subdivision Colombia
9 (RLIN) 40192
700 2# - ADDED ENTRY--PERSONAL NAME
Personal name Jaramillo Velosa, Liliana.
Relator term autora
9 (RLIN) 40193
700 2# - ADDED ENTRY--PERSONAL NAME
Personal name Vélez de Sierra, Cecilia.
Relator term autora
9 (RLIN) 40194
942 ## - ADDED ENTRY ELEMENTS (KOHA)
Source of classification or shelving scheme Dewey Decimal Classification
Koha item type Books
Existencias
Withdrawn status Lost status Source of classification or shelving scheme Damaged status Not for loan Home library Current library Shelving location Date acquired Source of acquisition Full call number Barcode Date last seen Copy number Price effective from Koha item type
    Dewey Decimal Classification     Biblioteca Pública José María del Castillo y Rada Biblioteca Pública José María del Castillo y Rada General Stacks 04/15/2018 Donación 338.29861 / F715d 430005227 05/16/2024 Ej.1 03/10/2021 Books